Statistiques concernant Pharaons d’Égypte antique

Cliquez ici pour prendre le quiz!

Statistiques générales

  • Ce quiz a été pris 166 fois
  • Le résultat moyen est 39 sur 189

Statistiques - réponses

HintRéponse% Correct
124Ramsès 1
89%
142Ramsès 10
89%
143Ramsès 11
89%
126Ramsès 2
89%
134Ramsès 3
89%
135Ramsès 4
89%
137Ramsès 5
89%
138Ramsès 6
89%
139Ramsès 7
89%
140Ramsès 8
89%
141Ramsès 9
89%
170Cléopâtre 1
83%
174Cléopâtre 2
83%
176Cléopâtre 3
83%
177Cléopâtre 4
83%
178Cléopâtre 5
83%
182Cléopâtre 6
83%
185Cléopâtre 7
83%
118Akhenaton
60%
27Khéops
55%
165Ptolémée 1
52%
179Ptolémée 10
52%
180Ptolémée 11
52%
181Ptolémée 12
52%
184 | 187Ptolémée 13
52%
188Ptolémée 14
52%
189Ptolémée 15
52%
166Ptolémée 2
52%
167Ptolémée 3
52%
168Ptolémée 4
52%
169Ptolémée 5
52%
171Ptolémée 6
52%
172Ptolémée 7
52%
173Ptolémée 8
52%
175Ptolémée 9
52%
29Képhren
43%
119Néfertiti
39%
114Hatchepsout
35%
110Amenhotep 1
34%
115Amenhotep 2
34%
117Amenhotep 3
34%
120Amenhotep 4
34%
31Mykérinos
34%
125Séthi 1
33%
128Séthi 2
33%
111Thoutmôsis 1
33%
112Thoutmôsis 2
33%
113Thoutmôsis 3
33%
116Thoutmôsis 4
33%
1Nârmer
32%
21Djéser
28%
45Pépi 1
25%
47Pépi 2
25%
164Alexandre 4
22%
26Snéfrou
20%
122It-Netjer-Aÿ
18%
80Sésostris 1
16%
82Sesostris 2
16%
83Sesostris 3
16%
109Ahmôsis 1
15%
123Horemheb
14%
43Téti
13%
79Amenemhat 1
12%
81Amenemhat 2
12%
84Amenemhat 3
12%
2Aha
11%
93Mery-Ousser-Rê
11%
121Thoutânkhamon
11%
17Horus Sa
10%
76Montouhotep 2
10%
77Montouhotep 3
10%
78Montouhotep 4
10%
8
10%
73Antef 1
9%
74Antef 2
9%
75Antef 3
9%
5Den
9%
28Djédefrê
9%
3Djer
9%
127Mérenptah
9%
46Mérenrê 1
9%
48Merenrê 2
9%
42Ounas
9%
183Bérénice 4
8%
16Horus Ba
8%
4Ouadji
8%
25Ouni
8%
7Sémerkhet
8%
51Néferkarê 2
7%
54Néferkarê 4
7%
58Néferkarê 5
7%
60Néferkarê 6
7%
70Néferkarê 7
7%
85Néferousobek
7%
22Sanakht
7%
6Adjib
6%
95Apophis 1
6%
30Baka
6%
24Khaba
6%
20Khâsekhemoui
6%
11Nebrê
6%
18Péribsen
6%
35Sahourê
6%
86Sekhemrê 1
6%
104Sekhemrê 10
6%
106Sekhemrê 11
6%
107Sekhemrê 12
6%
108Sekhemrê 13
6%
87Sekhemrê 2
6%
97Sekhemrê 7
6%
98Sekhemrê 8
6%
99Sekhemrê 9
6%
186Arsinoé 4
5%
32Chepseskaf
5%
33Djédefptah
5%
10Hotepsekhemoui
5%
55Mérenhor
5%
36Neferirkarê
5%
66Néferirkarê 2
5%
59Néferkahor
5%
12Ninetjer
5%
39Niouserrê
5%
15Noubnefer
5%
13Ouneg
5%
34Ouserkaf
5%
44Ouserkarê
5%
19Sekhemib
5%
23Sekhemkhet
5%
14Sénedj
5%
130Siptah 1
5%
131Siptah 2
5%
144Smèndes 1
5%
9Snéferka
5%
132Taousert
5%
38Chepseskarê
4%
41Djedkarê
4%
53Djedkarê 2
4%
50Menkarê
4%
71Mérikarê
4%
37Neferefrê
4%
56Néferkamin 1
4%
61Néferkamin 2
4%
64Néferkaouhor
4%
63Néferkaourê
4%
52Neferkarê Neby
4%
49Netjerkarê
4%
57Nykarê
4%
149Osorkon
4%
65Ouadjkarê
4%
147Psousennès 1
4%
151Psousennès 2
4%
89Amenyqemaou
3%
90Hotepibrê
3%
91Ioufeni
3%
157Nectanébo 1
3%
159Nectanébo 2
3%
133Sethnakht
3%
162Alexandre le grand
2%
161Arsès
2%
160Artaxerxès 4
2%
96Khamoudy
2%
88Nerkarê
2%
163Philippe 3
2%
145Pinedjem 1
2%
62Qakerê Ibi
2%
92Salitis
2%
103Semenrê
2%
155Achôris
1%
148Amenemopet
1%
40Menkahouor
1%
68Nebkaourê
1%
152Néphéritès 1
1%
156Néphéritès 2
1%
69Ouahkarê
1%
100Sânkhenrê
1%
105Senââib
1%
146Amenemesout
0%
129Amenmnès
0%
94Kyhan
0%
72Mountouhotep 1
0%
153Mouthis
0%
67Mreibrê
0%
101Nebyriarou 1
0%
102Nebyriarou 2
0%
136Oussermaâtrê
0%
154Psammouthis
0%
150Siarmon
0%
158Téos
0%

Distribution des résultats

Percentile par nombre de réponses

% des personnes avec chaque résultat

Votre développement - résultats

Vous n’avez pas pris ce quiz